Sociedad civil ly construcción democrática /
Đã lưu trong:
| Tác giả chính: | |
|---|---|
| Định dạng: | Texto |
| Những chủ đề: | |
| Các nhãn: |
Thêm thẻ
Không có thẻ, Là người đầu tiên thẻ bản ghi này!
|
MARC
| LEADER | 00000 a a2200000 04500 | ||
|---|---|---|---|
| 001 | 9658 | ||
| 003 | |||
| 040 | |||
| 100 | |a Alvarez Enríquez, Lucía | ||
| 245 | |a Sociedad civil ly construcción democrática / |c Lucía Alvarez Enríquez | ||
| 650 | |a SOCIEDAD CIVIL | ||
| 650 | |a DEMOCRATIZACION | ||
| 650 | |a DEMOCRACIA | ||
| 773 | |g volumen 7, número 30; páginas 120-126 | ||
| 999 | |c 28223 |d 28223 | ||
